000 00595nam a2200241Ia 4500
003 OSt
005 20220918192335.0
006 a|||||r|||| 00| 0
007 ta
008 220917b |||||||| |||| 00| 0 eng d
024 _a68,001
037 _cTextual
040 _aARTS
_cARTS
_beng
041 _2eng
_aeng
082 _a9065, J6 906
100 _aFroelich Jean-Claude
_978994
245 0 _aCameroun - Togo
260 _c1956
300 _a217p
_ccm.
650 _aGENERALIA
942 _h9065, J6 906
_cTEXL
_2CC
999 _c194215
_d194215